Statistics for Type fast 1 - 50 ( 30 seconds)

Click here to take the quiz!

General Stats

  • This quiz has been taken 8 times
  • The average score is 43 of 50

Answer Stats

Number% Correct
1
100%
10
100%
11
100%
12
100%
13
100%
14
100%
15
100%
16
100%
17
100%
18
100%
19
100%
2
100%
3
100%
4
100%
5
100%
6
100%
7
100%
8
100%
20
80%
21
80%
22
80%
23
80%
24
80%
25
80%
26
80%
27
80%
28
80%
29
80%
30
80%
31
80%
32
80%
33
80%
34
80%
35
80%
36
80%
37
80%
38
80%
39
80%
40
80%
41
80%
42
80%
43
80%
45
80%
46
80%
47
80%
9
80%
44
60%
48
60%
49
60%
50
60%

Score Distribution

Percentile by Number Answered

Percent of People with Each Score

Your Score History

You have not taken this quiz